| 000 | 00514nam a22001937a 4500 | ||
|---|---|---|---|
| 999 |
_c525786 _d525786 |
||
| 003 | NUST | ||
| 005 | 20190704103341.0 | ||
| 008 | 190704b ||||| |||| 00| 0 eng d | ||
| 038 | _aWaseem | ||
| 082 |
_a891.4301 _bNAE |
||
| 100 |
_aTaqwi, Naeem _916729 |
||
| 245 |
_aTanqeed-o- Aghe / _cNaeem Taqwi |
||
| 260 |
_aKarachi : _bGhzanfar Academi, _c1995. |
||
| 300 | _a384 p. : | ||
| 500 | _aHardcover. | ||
| 880 |
_6100-01\r _aنعیم تقوی |
||
| 880 |
_6245-02\r _a تنقیدوآگہی / |
||
| 942 |
_2ddc _cBK |
||